[Event "POL-chT3 Kujawsko Pomorskie 1011"]
[Site "Poland"]
[Date "2011.03.13"]
[Round "8.21"]
[White "Knoff, Mariusz"]
[Black "Jablonski, Jerzy2222"]
[Result "1-0"]
[WhiteElo "2057"]
[BlackElo "1899"]
[PlyCount "71"]
[EventDate "2010.11.07"]
[EventType "team-tourn"]
[EventRounds "11"]
[EventCountry "POL"]
[SourceTitle "EXT 2019"]
[Source "ChessBase"]
[SourceDate "2018.10.10"]
[SourceVersion "1"]
[SourceVersionDate "2018.10.10"]
[SourceQuality "1"]

1. d4 Nf6 2. Bg5 h6 3. Bxf6 gxf6 4. e4 d5 5. Nc3 dxe4 6. Nxe4 f5 7. Ng3 Bg7 8. c3 e6 9. Nh5 Bf8 10. Nf3 Nd7 11. Bc4 c6 12. Qe2 Nb6 13. Bd3 Qe7 14. Qe5 f6 15. Nxf6+ Kf7 16. Nh5 Rg8 17. g3 Bg7 18. Nxg7 Rxg7 19. 0-0-0 Nd5 20. Bc4 b5 21. Bxd5 cxd5 22. Rhe1 b4 23. Re3 a5 24. Rde1 Kf8 25. Nh4 Ra7 26. Qb8 bxc3 27. Qxc8+ Kf7 28. Rxe6 cxb2+ 29. Kb1 Qd7 30. Qxd7+ Rxd7 31. Nxf5 Rg6 32. Nxh6+ Kg7 33. Nf5+ Kf7 34. Rxg6 Kxg6 35. Ne7+ Kf6 36. Kxb2 1-0

[Event "POL-chT 2st League"]
[Site "Mrzezyno"]
[Date "2010.09.04"]
[Round "1.83"]
[White "Knoff, Mariusz"]
[Black "Malecki, Rafal"]
[Result "1-0"]
[WhiteElo "2009"]
[BlackElo "2187"]
[PlyCount "84"]
[EventDate "2010.09.04"]
[EventType "team-swiss"]
[EventRounds "9"]
[EventCountry "POL"]
[SourceTitle "EXT 2019"]
[Source "ChessBase"]
[SourceDate "2018.10.10"]
[SourceVersion "1"]
[SourceVersionDate "2018.10.10"]
[SourceQuality "1"]
[WhiteTeam "Grudziadz Rotmistrz II"]
[BlackTeam "Chroscice LZS Victoria"]
[WhiteTeamCountry "POL"]
[BlackTeamCountry "POL"]

1. d4 Nf6 2. Bg5 e6 3. Nf3 Be7 4. e3 b6 5. Bd3 Bb7 6. Nbd2 c5 7. c3 h6 8. Bxf6 gxf6 9. Qa4 Nc6 10. dxc5 bxc5 11. 0-0-0 Qa5 12. Qxa5 Nxa5 13. Bb5 0-0-0 14. e4 Rhg8 15. g3 Kc7 16. Rhe1 d6 17. Nc4 Nxc4 18. Bxc4 f5 19. Bd3 e5 20. Nd2 fxe4 21. Bxe4 d5 22. Bf5 Bf6 23. c4 d4 24. Ne4 Be7 25. g4 a5 26. Rd3 Ba6 27. Nd2 Bd6 28. Ra3 Kb6 29. Kc2 Ra8 30. Rh3 Rh8 31. Be4 Rag8 32. Rb3+ Kc7 33. h3 h5 34. f3 hxg4 35. fxg4 f6 36. Rf1 Be7 37. Rbf3 Bd8 38. Bd5 Rg6 39. Ne4 Be7 40. Ra3 Rgh6 41. Rxa5 Kb6 42. Ra3 Bc8 1-0

[Event "POL-chT3 Kujawsko Pomorskie 0809"]
[Site "Poland"]
[Date "2009.03.29"]
[Round "11.11"]
[White "Czajkowski, Mateusz"]
[Black "Knoff, Mariusz"]
[Result "0-1"]
[WhiteElo "1685"]
[BlackElo "1936"]
[PlyCount "90"]
[EventDate "2008.11.09"]
[EventType "team-tourn"]
[EventRounds "11"]
[EventCountry "POL"]
[SourceTitle "EXT 2019"]
[Source "ChessBase"]
[SourceDate "2018.10.10"]
[SourceVersion "1"]
[SourceVersionDate "2018.10.10"]
[SourceQuality "1"]

1. e4 e6 2. d4 d5 3. Nd2 Nf6 4. e5 Nfd7 5. f4 c5 6. c3 Nc6 7. Ngf3 Qb6 8. Nb3 cxd4 9. cxd4 a5 10. a4 Bb4+ 11. Kf2 f6 12. Bb5 fxe5 13. fxe5 0-0 14. Be3 Ne7 15. Rf1 Nf5 16. Qd3 Nxe3 17. Qxe3 Be7 18. Kg1 Rf5 19. Nbd2 Qd8 20. Bd3 Rh5 21. Rf2 Nf8 22. Raf1 Bd7 23. g4 Rh6 24. Rg2 Be8 25. g5 Rh3 26. Kh1 Bg6 27. Bxg6 Nxg6 28. Rfg1 Qb6 29. b3 Bb4 30. Rg3 Rxg3 31. Rxg3 Rf8 32. Rg4 Qc7 33. Kg2 Qc2 34. h3 Rxf3 35. Qxf3 Qxd2+ 36. Qf2 Ne7 37. Qxd2 Bxd2 38. Kf3 Nc6 39. Ke2 Bc3 40. Kd3 Bxd4 41. Rxd4 Nxd4 42. Kxd4 Kf7 43. h4 Kg6 44. Kc5 Kf5 45. Kb5 d4 0-1

[Event "POL-chT3 Kujawsko Pomorskie 0809"]
[Site "Poland"]
[Date "2009.01.25"]
[Round "6.28"]
[White "Knoff, Mariusz"]
[Black "Majdan, Damian"]
[Result "1/2-1/2"]
[WhiteElo "1936"]
[BlackElo "1828"]
[PlyCount "113"]
[EventDate "2008.11.09"]
[EventType "team-tourn"]
[EventRounds "11"]
[EventCountry "POL"]
[SourceTitle "EXT 2019"]
[Source "ChessBase"]
[SourceDate "2018.10.10"]
[SourceVersion "1"]
[SourceVersionDate "2018.10.10"]
[SourceQuality "1"]

1. d4 Nf6 2. Nf3 g6 3. c4 Bg7 4. g3 0-0 5. Bg2 d5 6. 0-0 dxc4 7. Na3 c5 8. Nxc4 cxd4 9. Nxd4 Qc7 10. Qb3 Nc6 11. Nb5 Qd8 12. Rd1 Bd7 13. Bf4 Rc8 14. Bh3 a6 15. Nc3 b5 16. Ne3 Qe8 17. Bxd7 Nxd7 18. Qd5 Nb6 19. Qc5 Nd7 20. Qd5 Nf6 21. Qb3 Nh5 22. Ncd5 Nxf4 23. gxf4 Nd4 24. Qb4 Nc6 25. Qa3 e6 26. Nb6 Rd8 27. Qxa6 Nd4 28. a4 Nxe2+ 29. Kf1 Nxf4 30. axb5 Qe7 31. Nbc4 Qh4 32. Qc6 Qxh2 33. Rxd8 Rxd8 34. Qf3 Nd5 35. b6 Nxe3+ 36. Nxe3 Rb8 37. Nc4 Bd4 38. Rd1 Bxb6 39. Nxb6 Rxb6 40. Rd8+ Kg7 41. Rd7 Qe5 42. Qxf7+ Kh6 43. Qf8+ Kh5 44. Rxh7+ Kg4 45. Qd8 Qb5+ 46. Ke1 Qxb2 47. Qh4+ Kf5 48. Rf7+ Ke5 49. Qh8+ Kd5 50. Qxb2 Rxb2 51. Rg7 Ke5 52. Rxg6 Kf5 53. Rg8 Rb4 54. Ke2 Rg4 55. Rxg4 Kxg4 56. f3+ Kf4 57. Kf2 1/2-1/2